| 000 | 00316nam a2200085Ia 4500 | ||
|---|---|---|---|
| 008 | 160715s9999 xx 000 0 und d | ||
| 245 | _aJodi continues to pursue her dreams | ||
| 260 |
_bPhilippine Daily Inquirer _cSeptember 4, 2015 |
||
| 856 | _uhttp://entertainment.inquirer.net/177825/jodi-continues-to-pursue-her-dreams | ||
| 999 |
_c297733 _d297733 |
||